Score 0/22 Timer 03:00
0 Plays Today
Flavor Missing Word % Correct
____ SplitBanana
90.7%
Chunky ____Monkey
85.3%
____ GarciaCherry
84.7%
____ HubbyChubby
72.4%
____ But The...Everything
53.2%
Half ____Baked
52.2%
____ Cream PieBoston
50.3%
____ FoodPhish
47.7%
Chocolate Fudge ____Brownie
42.5%
Cake ____Batter
42.1%
____ & CookiesMilk
40.1%
Flavor Missing Word % Correct
Country ____ CobblerPeach
39.4%
Late Night ____Snack
35.2%
Coffee ____ Bar CrunchHeath
34.8%
Americone ____Dream
31.7%
Imagine ____ PeaceWhirled
26.5%
Karamel ____Sutra
19.7%
New York ____ Fudge ChunkSuper
18.8%
____ MudslideDublin
8.8%
____ BrowniesMagic
6.3%
Bonnaroo ____Buzz
5.4%
What a ____Cluster
3.1%

Today's Daily Dose

Remove Ads.
Support Sporcle.
Get the best of Sporcle when you Go Orange. This ad-free experience offers more features, more stats, and more fun while also helping to support Sporcle. Thank you for becoming a member.

You're not logged in!

Compare scores with friends on all Sporcle quizzes.
OR
Log In

Show Comments

Extras

Top Quizzes Today


Score Distribution

Your Account Isn't Verified!

In order to create a playlist on Sporcle, you need to verify the email address you used during registration. Go to your Sporcle Settings to finish the process.

Report this User

Report this user for behavior that violates our Community Guidelines.

Details: